<?xml version="1.0" encoding="UTF-8"?>
<record
    xmlns:xsi="http://www.w3.org/2001/XMLSchema-instance"
    xsi:schemaLocation="http://www.loc.gov/MARC21/slim http://www.loc.gov/standards/marcxml/schema/MARC21slim.xsd"
    xmlns="http://www.loc.gov/MARC21/slim">

  <leader>00551nam a2200193 a 4500</leader>
  <controlfield tag="001">4704</controlfield>
  <controlfield tag="003">CDMR</controlfield>
  <controlfield tag="005">20131106102054.0</controlfield>
  <controlfield tag="008">130130s2006||||sp |||||||||||||||||spa|d</controlfield>
  <datafield tag="020" ind1=" " ind2=" ">
    <subfield code="a">8496484378</subfield>
  </datafield>
  <datafield tag="040" ind1=" " ind2=" ">
    <subfield code="a">CDMR</subfield>
    <subfield code="b">cat</subfield>
    <subfield code="c">CPC GIRONA</subfield>
  </datafield>
  <datafield tag="100" ind1="1" ind2=" ">
    <subfield code="9">3226</subfield>
    <subfield code="a">Segura, Rosa</subfield>
  </datafield>
  <datafield tag="245" ind1="1" ind2=" ">
    <subfield code="a">Ediciones TBO, &#xBF;d&#xED;game?</subfield>
    <subfield code="b">: memorias secretas de una secretaria</subfield>
    <subfield code="c">Rosa Segura</subfield>
  </datafield>
  <datafield tag="260" ind1=" " ind2=" ">
    <subfield code="a">Barcelona</subfield>
    <subfield code="b">Marr&#xE9;</subfield>
    <subfield code="c">DL 2006</subfield>
  </datafield>
  <datafield tag="300" ind1=" " ind2=" ">
    <subfield code="a">239 p.</subfield>
    <subfield code="b">il. col.</subfield>
  </datafield>
  <datafield tag="610" ind1="2" ind2=" ">
    <subfield code="9">4267</subfield>
    <subfield code="a">TBO (Revista)</subfield>
  </datafield>
  <datafield tag="650" ind1="0" ind2="4">
    <subfield code="9">3162</subfield>
    <subfield code="a">Humorisme gr&#xE0;fic</subfield>
    <subfield code="x">Hist&#xF2;ria</subfield>
  </datafield>
  <datafield tag="942" ind1=" " ind2=" ">
    <subfield code="c">MON</subfield>
    <subfield code="2">udc</subfield>
  </datafield>
  <datafield tag="999" ind1=" " ind2=" ">
    <subfield code="c">4704</subfield>
    <subfield code="d">4704</subfield>
  </datafield>
  <datafield tag="952" ind1=" " ind2=" ">
    <subfield code="0">0</subfield>
    <subfield code="1">0</subfield>
    <subfield code="4">0</subfield>
    <subfield code="7">0</subfield>
    <subfield code="a">CDMR</subfield>
    <subfield code="b">CDMR</subfield>
    <subfield code="d">2013-01-16</subfield>
    <subfield code="l">0</subfield>
    <subfield code="o">Di 5/18</subfield>
    <subfield code="p">CDMR13046228</subfield>
    <subfield code="r">2013-04-19</subfield>
    <subfield code="w">2013-04-19</subfield>
    <subfield code="y">MON</subfield>
  </datafield>
</record>
